Loading...
Kudumba museum/
| Main Author: | |
|---|---|
| Format: | Printed Book |
| Published: |
Thrissur:
Green Books,
2005.
|
| Subjects: |
| LEADER | 00521nam a22001577a 4500 | ||
|---|---|---|---|
| 020 | |a 9798188582562 | ||
| 082 | |a M301 |b KUM/K | ||
| 100 | |a Kumaran U K |9 52544 | ||
| 245 | |a Kudumba museum/ |c by U K Kumaran. | ||
| 260 | |a Thrissur: |b Green Books, |c 2005. | ||
| 300 | |a 71p. | ||
| 650 | |a Literature Malayalam |v Stories |9 52545 | ||
| 650 | |a Literature |9 52546 | ||
| 942 | |c BK | ||
| 999 | |c 72579 |d 72579 | ||
| 952 | |0 0 |1 0 |4 0 |6 M_301_000000000000000_KUM_K |7 0 |9 93369 |a SSUS |b SSUS |c STACKS |d 2018-06-20 |g 50.00 |o M301 KUM/K |p 090654 |r 2018-06-20 |w 2018-06-20 |y BK | ||